000 01428nam0a2200361 4500
001 RU\NLR\bibl\1799493
005 20250616145821.0
010 _a978-5-9963-0632-9
_9300
021 _aRU
_b2011-54430
_93878
035 _a(NLR Aleph) 001790165
090 _a1752280
_c1752280
100 _a20110817d2011 |||y0rusy50 ca
101 1 _arus
_ceng
102 _aRU
105 _ac |||||||||
200 1 _a10 заповедей нестабильности
_eзамечательные идеи XX века
_fЧ. Флауэрс
_gпер. с англ. А.В. Хачояна
205 _a2-е изд.
210 _aМосква
_cБИНОМ. Лаборатория знаний
_d2011
215 _a196, [1] с.
_cпортр.
_d22
300 _aЗагл. и авт. ориг.: Instability rules: the ten most amazing ideas of modern science / Charles Flowers
320 _aБиблиогр. в подстроч. примеч.
320 _aДр. произведения авт. на 4-й с. обл.
454 0 _12001#$aInstability rules$ethe ten most amazing ideas of modern science
_1700#1$aFlowers$bC.$gCharles$4070
_tInstability rules
_aFlowers, Charles
686 _aШ9
_bБ
700 1 _aФлауэрс
_bЧ.
_gЧарльз
_4070
801 0 _aRU
_bNLR
_c20110817
_gRCR
801 1 _aRU
_bNLR
_c20110817
942 _cBOOK
980 _aNB
980 _aNBR